000 00397pam a2200157a 44500
008 230515b1991 xxu||||| |||| 00| 0 eng d
020 _aNULL
041 _aENGL
082 _a658.5 / NAR / CHI
100 _aNARANG G.S & CHITALE A . K
245 _aJUST IN TIME MANAGEMENT FOR WORD CLASS MANUFACTURING
250 _aN.D.
260 _aNULL
_bAJANT
_c1991
300 _a186 PB
650 _aNULL
999 _c624118
_d624118